000 00505nam a2200169 4500
001 123356
003 ES-MaACL
005 20230906192146.0
007 t|
008 070214s1902 fr r ||||1| fre d
100 0 _aRachilde (
_d1860-1953)
_994880
245 1 3 _aLa Sanglante Ironie
_b: roman /
_cRachilde ; preface de Camille Lemonnier.
260 _aParis :
_b[s. n.],
_c1902 (
_fI. Luccette)
300 _aVIII, 298 p. ;
_c18 cm.
700 1 _aLemonnier, Camille.
_971493
852 _aES-MaACL
_jD-5157
999 _c123356
_d123356